书目信息 |
| 题名: |
孙中山哲学思想
|
|
| 作者: | 肖万源 著 | |
| 分册: | ||
| 出版信息: | 北京 中国社会科学出版社 1981 |
|
| 页数: | 266页 | |
| 开本: | 21cm | |
| 丛书名: | ||
| 单 册: | ||
| 中图分类: | B259.9 | |
| 科图分类: | ||
| 主题词: | 近代哲学--中国 | |
| 电子资源: | ||
| ISBN: | ||
| 000 | 00666nam0 2200241 45 | |
| 001 | 0181002423 | |
| 005 | 20070801140537.00 | |
| 010 | @dCNY1.00 | |
| 091 | @a2190.034 | |
| 100 | @a19950407d1981 emky0chiy0121 ea | |
| 101 | 0 | @achi |
| 102 | @aCN@b110000 | |
| 105 | @ay z 000yy | |
| 200 | 10 | @a孙中山哲学思想@Asun zhong shan zhe xue si xiang@f肖万源著@FXiao Wan Yuan Zhu |
| 210 | @a北京@c中国社会科学出版社@d1981 | |
| 215 | @a266页@d21cm | |
| 600 | 0 | @a孙中山@x哲学思想@x思想评论 |
| 606 | 0 | @a近代哲学@x中国 |
| 690 | @aB259.9@v3 | |
| 701 | 0 | @a肖万源@4著 |
| 801 | 0 | @aCN@b上海图书馆@c20070801 |
| 801 | 2 | @aCN@bNLC@c20060722 |
| 905 | @dB259.9@e20@f1@b148543 | |
| 孙中山哲学思想/肖万源著.-北京:中国社会科学出版社,1981 |
| 266页;21cm |
| ISBN :CNY1.00 |
| ● |
| 相关链接 |
|
|
|
|
正题名:孙中山哲学思想
索取号:B259.9/20
 
预约/预借
| 序号 | 登录号 | 条形码 | 馆藏地/架位号 | 状态 | 备注 |
| 1 | 0148541 | 000523384 | 密集书库/ [索取号:B259.9/20] | 在馆 | |
| 2 | 0148543 | 000523393 | 第一样本阅览室/ [索取号:B259.9/20] | 在馆 | |
| 3 | 0425585 | 204255858 | 密集书库/ [索取号:B259.9/20] | 在馆 | |
| 4 | 0425586 | 204255867 | 密集书库/ [索取号:B259.9/20] | 在馆 | |
| 5 | 0790715 | 207907158 | 密集书库/ [索取号:B259.9/20] | 在馆 |